000 00856 a2200205 4500
001 29283
005 20260407155602.0
008 260407a1970 arg spa d
003 AR-UNSa-BCEJYS
040 _aAR-UNSa-BCEJYS
_bspa
_cAR-UNSa-BCEJYS
080 _a657.3
_xPresupuestos. Cierre de Cuentas. Balances (Estados Contables)
245 1 0 _aEstados contables
_pestudio comparativo de las disposiciones normativas
264 1 _aBuenos Aires :
_bEdiciones Economía y Empresa
_c1970
300 _a204 p.
_c15 cm.
505 _a1. Primera Parte: Referencias – 2. Segunda Parte: Principios y normas técnico-contables generalmente aceptados. Comentarios - 3. Tercera parte : Los estados contables en el exterior.
942 _cBK
590 _aniveau_biblio:m niveau_hierar:0
100 1 _aChapman, William Leslie
700 1 _aDealecsandris, Ricardo P.
999 _c1833
_d1833